000 00495nam a2200181Ia 4500
003 GCL
008 140319s9999 xx 000 0 eng d
040 _aGCL /
_cGCL
082 0 4 _a616.042
_bR C
100 1 _aROBINSON, ARTHUR
245 1 0 _aCLINICAL GENETICS HANDBOOK, 2ND ED /
_cROBINSON, ARTHUR
700 1 _aLINDEN, MARY G.
260 _a[S.N] :
_bBLACKWELL SCIENTIFIC PUBLICATIONS ،
_c1993
300 _a613 P
650 0 4 _aMEDICINE
650 0 4 _aHEREDITARY DISEASES
942 _2ddc
_cBK
999 _c20822
_d20822